| 000 | 00512nam a22001577a 4500 | ||
|---|---|---|---|
| 020 | _a9781839219535 | ||
| 040 | _cNUST | ||
| 082 | _a005.133 JOS | ||
| 100 |
_aArtasanchez, Alberto _9113908 |
||
| 110 |
_aJoshi, Prateek _9113909 |
||
| 245 |
_aArtificial Intelligence with Python: _b Your complete guide to building intelligent apps using python 3.x |
||
| 250 | _aSecond Edition | ||
| 260 |
_aBIRMINGHAM: _bPackt publishing, _c2020. |
||
| 650 |
_aArtificial Intelligence with python _9113910 |
||
| 942 |
_2ddc _cTEXT |
||
| 999 |
_c595347 _d595347 |
||